| 000 | 00443nam a2200133Ia 4500 | ||
|---|---|---|---|
| 008 | 160809s9999 xx 000 0 und d | ||
| 100 | _aPöhn, Daniela. | ||
| 245 | _aManagement Architecture for Dynamic Federated Identity Management | ||
| 245 | _cDaniela Pöhn and Wolfgang Homme. | ||
| 260 | _bComputer Science and Information Technology | ||
| 260 | _cMayo-16 | ||
| 650 | _xINFORMATION TECHNOLOGY | ||
| 856 | _uhttp://airccse.org/V6N53.html | ||
| 999 |
_c300107 _d300107 |
||